000
00295nam a2200121Ia 4500
005
20260326100032.0
008
260326s9999||||xx |||||||||||||| ||und||
100
_a
Chase, Gilbert
245
0
_a
Contemporary Art in America /
_c
Gilbert Chase
260
_b
Free Press
650
_a
ARTE
942
_c
BK
999
_c
6631
_d
6631